I legati nel diritto romano
Gespeichert in:
| 1. Verfasser: | |
|---|---|
| Format: | Buch |
| Sprache: | Italienisch |
| Veröffentlicht: |
Turín
G. Giappichelli
1962
|
| Ausgabe: | 2a. ed |
| Schlagworte: | |
| Tags: |
Tag hinzufügen
Keine Tags, Fügen Sie den ersten Tag hinzu!
|
MARC
| LEADER | 00000nam a2200000 a 4500 | ||
|---|---|---|---|
| 001 | UCR0988 | ||
| 003 | CL-VaPUC | ||
| 008 | 971205e19620000IT |||||||||||||||||ita|d | ||
| 082 | 0 | 4 | |a 340.54 |b GRO |2 21 |
| 100 | |a Grosso, Giuseppe |e author |9 399136 | ||
| 245 | 1 | 2 | |a I legati nel diritto romano |
| 250 | |a 2a. ed | ||
| 300 | |a 495 p | ||
| 942 | |c BK | ||
| 945 | |d 19971205 00:00:00 |a aolguin | ||
| 260 | |a Turín |b G. Giappichelli |c 1962 | ||
| 650 | 0 | |a Derecho romano |9 255930 | |
| 650 | 0 | |a Derecho sucesorio (Derecho romano) |9 872235 | |
| 650 | 7 | |a LEGADOS |2 CL-VaPUC |9 256326 | |
| 650 | 0 | |a Fideicomiso |9 258680 | |
| 650 | 0 | |a Historia |9 255047 | |
| 650 | 7 | |a LIBERTAD DE TESTAR |2 CL-VaPUC |9 397690 | |
| 650 | 7 | |a FORMA |2 CL-VaPUC |9 347943 | |
| 650 | 7 | |a EFICACIA |2 CL-VaPUC |9 391183 | |
| 650 | 7 | |a SENATUS CONSULTUM |2 CL-VaPUC |9 397691 | |
| 650 | 0 | |a Herederos |9 357054 | |
| 650 | 7 | |a CAPACIDAD LEGAL |2 CL-VaPUC |9 257162 | |
| 650 | 0 | |a Adquisición |9 397692 | |
| 650 | 7 | |a SANCIONES |2 CL-VaPUC |9 371891 | |
| 650 | 0 | |a Contratos |9 255153 | |
| 583 | |a last modification |c 19971205 00:00:00 |k Rodrigo Vera | ||
| 999 | |c 264483 |d 264481 | ||
| 952 | |0 0 |1 0 |4 0 |6 340_540000000000000_GRO_1962 |7 0 |8 DER_ROM |9 294764 |a BIBDER |b BIBDER |d 2019-11-19 |i 1909576 |o 340.54 GRO 1962 |p 1909576 |r 2023-01-25 |w 2019-11-19 |x Ubicación 4to piso |y BK |z Este recurso debe solicitarse con anticipación |k DER | ||